000
00239 a2200097 4500
001
52176
100
_a
Muhammad Tufail
245
_a
Naqoosh Rasool Number (Vol-Dehhem)
260
_a
Lahore
_b
Idara-e-Farogh-e-Urdu
_c
090
_c
32839
_d
32839
942
_a
NUST-CAE
_c
M
_c
25379
999
_c
287249
_d
287249